[Event "European Blitz-ch 2018"]
[Site "Skopje"]
[Date "2018.12.07"]
[Round "12"]
[White "Artemiev, Vladislav"]
[Black "Salgado Lopez, Ivan"]
[Result "1/2-1/2"]
[WhiteElo "2709"]
[BlackElo "2629"]
[Annotator "TA"]
[PlyCount "106"]
[EventDate "2018.12.06"]
[EventType "swiss"]
[EventCountry "MKD"]

{[%evp 19,106,-8,8,12,39,47,35,34,37,41,89,3,52,43,45,44,32,35,61,58,58,57,63,65,56,54,126,137,141,149,229,213,314,63,106,6,2,13,13,16,28,45,79,75,77,-64,179,-45,-23,-213,-214,-214,-193,-193,-193,-193,-193,-193,-193,-186,-186,-190,-172,-171,-166,-171,-144,-191,-191,-179,-179,-191,-188,-167,-61,-61,-61,-62,-26,-68,-24,-24,-20,-20,-18,-18,-16,-16,-18]} 1. c4 c5 2. Nf3 {[%cal Bg1f3,Bf3d4,Bd4b5,Bb5c3][%mdl 32]} Nc6 3. d4 cxd4 4. Nxd4 Nf6 5. g3 e5 6. Nb5 {A31: Symmetrical English: 2 Nf3 Nf6 3 d4} Bb4+ 7. Bd2 a6 8. N5c3 d5 9. cxd5 Nxd5 10. Bg2 Be6 {LiveBook: 11 Games} 11. O-O O-O 12. Nxd5 Bxd5 13. Bg5 $146 ({Predecessor:} 13. Bxb4 Bxg2 14. Kxg2 Nxb4 {½-½ (40) Schlosser,P (2612)-Areshchenko,A (2705) Yerevan 2014}) 13... Qxg5 14. Qxd5 Nd4 15. Qc4 ({Better is} 15. e3 $1 $16 {[%cal Re3d4]} Nc2 16. Qb3 Nxa1 17. Qxb4) 15... Qe7 16. a3 $1 Ba5 17. e3 $1 {[%cal Re3d4]} Rac8 18. Qa4 $36 {[%mdl 2048] White is more active.} b5 $1 19. Qxa5 Nb3 {[%mdl 64] Double Attack} 20. Qxa6 {Hoping for Nc3.} Nxa1 21. Nc3 Nb3 22. Qxb5 Nd2 (22... Rb8 $14 23. Qe2 g6) 23. Rd1 $16 Nc4 24. Nd5 Qa7 (24... Qd6 $16) 25. Qb4 $1 $18 Kh8 (25... Rc5 $142 26. b3 Na5) 26. Bh3 $2 (26. Rc1 $18) 26... Rc5 $14 27. Rc1 (27. Qc3 $16) 27... Rb8 $11 28. Qc3 Rxd5 ({Don't blunder} 28... Rxb2 $2 29. Nb4 $18) 29. Qxc4 Rdd8 30. Qc3 Qe7 31. b4 g6 32. Qc7 (32. Bg2 $16) 32... Qf6 $2 {[#]} (32... Qxc7 $15 33. Rxc7 f5) 33. Kg2 $2 (33. Rc6 $1 $18 {[%cal Rc6f6]} Qf3 34. Rd6 (34. Qxe5+ Kg8 $14)) 33... Rb6 34. Rc5 $2 (34. Rc2 $11 {and White stays safe.}) 34... Rd2 $19 35. Qxe5 Rxf2+ 36. Kg1 Qxe5 37. Rxe5 {[%mdl 4096] Endgame KRR-KRB} Ra2 38. Bf1 Rd6 {[%mdl 1024] Black has strong compensation.} 39. b5 Rd1 40. Re4 Raa1 41. Rf4 Kg7 42. a4 Rdb1 43. h4 f5 44. h5 Kf6 45. hxg6 hxg6 46. g4 {[#]} Ke5 (46... Ra2 $1 $19 47. gxf5 g5) 47. gxf5 $15 gxf5 48. Kg2 Ra2+ 49. Kg3 Rb3 50. Rf3 $1 {Threatens to win with Bc4.} Rxa4 {Strongly threatening ...Rg4+.} 51. Bh3 {The position is equal.} Kd6 52. Bxf5 Raa3 53. Kf4 Rxb5 {Accuracy: White = 55%, Black = 45%.} 1/2-1/2

[Event "European Blitz-ch 2018"]
[Site "Skopje"]
[Date "2018.12.07"]
[Round "12"]
[White "Saric, Ivan"]
[Black "Usmanov, Vasily"]
[Result "1-0"]
[WhiteElo "2695"]
[BlackElo "2450"]
[Annotator "TA"]
[PlyCount "56"]
[EventDate "2018.12.06"]
[EventType "swiss"]
[EventCountry "MKD"]

{[%evp 21,56,32,28,-3,0,0,5,0,21,15,91,0,0,0,0,0,19,0,2,0,112,106,162,154,190,98,147,126,132,31,264,275,812,836,822,787,1438]} 1. e4 e6 2. d4 d5 3. Nc3 Nf6 4. Bg5 dxe4 5. Nxe4 Be7 6. Bxf6 Bxf6 7. Nf3 Bd7 8. Bd3 Bc6 9. c3 Bxe4 10. Bxe4 c6 11. Qc2 {C13: French: Classical System: 4 Bg5 Be7, Alekhine-Chatard Attack} Nd7 {LiveBook: 4 Games} (11... g6 12. h4 Nd7 13. h5 Qe7 14. O-O-O O-O-O 15. Kb1 Bg7 16. h6 Bf6 17. c4 Kb8 18. Rhe1 Rhe8 {0-1 (39) Saric,I (2664)-Nyzhnyk,I (2599) chess.com INT 2018}) 12. b4 $146 ({Predecessor:} 12. O-O-O Qc7 13. Bxh7 g6 14. Bxg6 Qf4+ 15. Nd2 fxg6 16. Qxg6+ Ke7 17. g3 Qxf2 {½-½ (57) Pavlidis,A (2352)-Iskos,A (2080) Bansko 2010}) 12... a5 13. O-O {The position is equal.} axb4 14. cxb4 Rc8 15. a4 Be7 (15... g6 $11) 16. Qb1 ({White should try} 16. a5 $16) 16... Nf6 $11 17. b5 Nxe4 18. Qxe4 O-O 19. Ne5 {[%cal Rb5c6,Bf3e5,Be5c6,Bc6e7][%mdl 32]} cxb5 20. axb5 Bf6 (20... Rb8 $11 {keeps the balance.}) 21. Qxb7 $16 Qxd4 (21... Rb8 $16 {might work better.} 22. Qa6 Bxe5 23. dxe5 Rb6) 22. Nc6 $36 {[%mdl 2048] White is really pushing.} Qf4 {Threatening ...Rc7.} 23. Rad1 (23. g3 $18 Qg5 24. Rac1) 23... Rc7 24. Qb6 $1 {Strongly threatening g3.} Rfc8 {[#]} 25. g3 (25. Na7 $1 $16) 25... Qc4 $2 {[#]} (25... Qf3 $14) 26. Rc1 $1 {[%cal Rc1c4]} Qd5 $2 {[#]} (26... Bc3 27. Rfd1 g6 28. Rd8+ Kg7 29. Rxc8 Rxc8) 27. Ne7+ $1 {[%mdl 512]} Bxe7 (27... Rxe7 28. Rxc8+) 28. Rxc7 Re8 {Accuracy: White = 33%, Black = 17%.} 1-0

[Event "European Blitz-ch 2018"]
[Site "Skopje"]
[Date "2018.12.07"]
[Round "12"]
[White "Laznicka, Viktor"]
[Black "Sanal, Vahap"]
[Result "0-1"]
[WhiteElo "2675"]
[BlackElo "2490"]
[Annotator "TA"]
[PlyCount "101"]
[EventDate "2018.12.06"]
[EventType "swiss"]
[EventCountry "MKD"]

{[%evp 16,101,52,46,50,47,49,50,59,45,80,41,83,81,78,81,116,62,55,34,63,40,14,20,49,-43,-35,-72,-33,-47,-23,-36,-40,-28,13,-71,45,56,102,102,99,-725,75,-106,149,102,159,150,150,143,802,783,779,767,837,548,781,410,408,188,171,147,689,688,654,425,1141,473,736,698,838,150,150,152,194,177,203,197,244,241,266,259,358,319,380,371,541,402]} 1. d4 Nf6 2. Bf4 d5 3. e3 c5 4. c3 Nc6 5. Nd2 e6 6. Bd3 cxd4 7. exd4 Bd6 8. Bxd6 Qxd6 9. Ngf3 {LiveBook: 8 Games. B13: Caro-Kann: Exchange Variation and Panov-Botvinnik Attack} Nh5 10. O-O g6 $146 ({Predecessor:} 10... Nf4 11. Bc2 {1-0 (40) Sedlak,N (2622)-Indjic,A (2419) Belgrade 2014}) 11. Re1 {White is slightly better.} f6 12. c4 {Hoping for cxd5.} Kf7 13. a3 b6 14. b4 Nf4 15. Bf1 g5 16. g3 (16. b5 $16 Ne7 17. Rc1) 16... Ng6 $1 $14 17. c5 Qd8 18. Qa4 Nce7 19. Nb3 h5 {[%cal Bh7h5,Bh5h4][%mdl 32]} 20. cxb6 (20. Rac1 $14) 20... Bd7 $15 21. b5 $1 axb6 22. Qb4 g4 23. Nfd2 h4 24. a4 Qf8 (24... hxg3 {feels hotter.} 25. fxg3 Qb8 26. Qc3 Rc8 27. Qd3 Qd6) 25. a5 (25. Bd3 $11 {remains equal.}) 25... bxa5 ({Much weaker is} 25... hxg3 26. fxg3 Qh6 27. Re2 $11) ({Better is} 25... Qh6 $1 $17 26. Re2 Nf5) 26. Rxa5 $14 Rxa5 27. Qxa5 hxg3 28. hxg3 $2 {[%mdl 8192]} (28. fxg3 $16 e5 29. b6) 28... e5 $2 ({Black should try} 28... Qh6 $19 {[%csl Gh8][%cal Rh6h2]} 29. Bg2 f5) 29. Nc5 $2 (29. Bg2 $16 {keeps the pressure on.}) 29... Bf5 $2 {[%mdl 8192]} (29... Qh6 $17 {[%csl Gh8][%cal Rh6h2] and life is bright.} 30. Bg2 Bxb5 $1 {[%mdl 512]}) 30. Bg2 $1 $16 Qh6 ({Black should play} 30... exd4 31. Ndb3 d3) 31. Nf1 {Black must now prevent Qa7.} exd4 {next ...Ne5 is good for Black.} 32. Qc7 {Threatens to win with Bxd5+.} Rc8 $2 {[%mdl 8192]} (32... Qf8 $16) 33. Bxd5+ $18 Kf8 34. Qd6 Qg5 35. Be6 Re8 36. Bxf5 Qxf5 37. Ne6+ (37. b6 $142) 37... Kf7 {With the idea ...Qd5.} 38. Nxd4 Qd3 $2 {[%mdl 8192]} (38... Qd5 $16 39. Re6 Qxd6 40. Rxd6 Ne5) 39. b6 {[%cal Bb5b6,Bb6b7][%mdl 32]} Ne5 40. Nh2 Qd2 (40... Nc8 $142 41. Qd5+ Kg6) 41. Rf1 (41. Rxe5 $142 Qc1+ 42. Nf1 fxe5 43. Qe6+ {[%mdl 64] Double Attack, Zwischenzug} Kg7 44. Qxe5+ Kg6 45. Nf5 $1 {[%mdl 576] Pin}) 41... Kg6 (41... Rh8 $142 42. Qe6+ {[%mdl 64] Double Attack} Kg6 43. Nxg4 (43. Qxe7 $2 Qh6 $19 {[%mdl 64] Trapped Piece}) 43... Qg5 44. Nxe5+ Qxe5) 42. b7 N7c6 43. Nf5 $2 (43. Nxg4 $1 $18 {is the precise move to win.} Qxd4 44. Qxf6+ Kh7 45. Qh6+ Kg8 46. Nf6+ {[%mdl 64] Double Attack} Kf7 47. Nxe8 Kxe8 48. Qe6+ Kd8 49. Qc8+ Ke7 50. Re1) 43... Qxd6 $16 44. Nxd6 Rd8 {[#]} 45. Nc8 $1 Nb8 46. Rb1 Rd2 47. Nf1 Ra2 48. Ne3 f5 49. Nd6 Nf3+ 50. Kg2 Nd2 (50... Ra5 {was worth a try.} 51. Rd1 Ra7 52. Nexf5 Rxb7 53. Nxb7 Kxf5 54. Nd6+ Ke6) 51. Rb6 {[%mdl 32768] Accuracy: White = 39%, Black = 21%. . Loss on time!?} 0-1

[Event "European Blitz-ch 2018"]
[Site "Skopje"]
[Date "2018.12.07"]
[Round "12"]
[White "Guseinov, Gadir"]
[Black "Stevic, Hrvoje"]
[Result "1-0"]
[WhiteElo "2664"]
[BlackElo "2587"]
[Annotator "TA"]
[PlyCount "63"]
[EventDate "2018.12.06"]
[EventType "swiss"]
[EventCountry "MKD"]

{[%evp 11,63,10,27,12,30,15,31,14,27,29,29,22,9,0,0,-23,-22,-20,-20,-18,-20,-23,-17,-25,-18,-49,-39,-39,-44,-125,-125,-122,-126,-112,-51,-59,-22,-30,27,0,28,-5,0,-72,0,0,0,0,0,0,25,27,1728,1640]} 1. e4 e5 2. Nf3 Nc6 3. Bb5 a6 4. Bxc6 dxc6 5. O-O Bd6 6. c3 Bg4 {[%cal Bc8g4,Bg4h5,Bh5g6,Bg6e4][%mdl 32] LiveBook: 3 Games. C68: Ruy Lopez: Exchange Variation, sidelines} 7. d4 (7. h3 Bxf3 8. Qxf3 Qf6 9. d4 Qxf3 10. gxf3 exd4 11. cxd4 Ne7 12. Nc3 O-O-O 13. Be3 Ng6 14. Kh1 {0-1 (49) Savchenko,B (2630)-Tomashevsky,E (2707) Taganrog 2011}) 7... Qe7 8. h3 Bh5 {The position is equal.} 9. dxe5 $146 ({Predecessor:} 9. Be3 Nf6 10. Nbd2 h6 11. Qc2 g5 12. dxe5 Bxe5 13. Nxe5 Qxe5 14. Bd4 Qe6 {1-0 (65) Castaneda Munoz,A (1864)-Cutura Sole,A (1920) Llinars del Valles 2014}) 9... Bxe5 10. g4 Bg6 $1 11. Nxe5 Qxe5 12. f4 Qc5+ 13. Qd4 Qxd4+ 14. cxd4 {f5 is the strong threat.} Bxe4 15. Re1 f5 $1 16. gxf5 Nf6 {Threatens to win with ...0-0-0.} 17. Nc3 O-O-O $1 18. Rxe4 Nxe4 19. Nxe4 Rxd4 20. Nc3 (20. Ng3 $15) 20... Re8 $17 {[%mdl 1024] Black has strong compensation.} 21. Kf2 Rd3 22. h4 b5 (22... Rh3 $17 23. Kg2 Rxh4) 23. Ne2 $1 $15 c5 24. b3 c4 ({Black should try} 24... Rh3 25. Ng3 c4 26. bxc4 bxc4) 25. bxc4 bxc4 (25... Rh3 $5 {[%cal Rh3h2]} 26. Nd4 Rd3 $11) 26. Rb1 Rh3 27. Rb2 {[#]} (27. Kg2 $1 $11 {remains equal.} Rd3 28. Kf2) 27... Rxh4 (27... Rh2+ $1 $17 28. Kf3 Rh1) 28. Rc2 $11 Rh2+ 29. Kf3 {[#]} c3 $1 {[%mdl 512]} 30. Ba3 $1 (30. Rxc3 Rexe2) 30... a5 31. Bc5 $1 Rf8 $2 {[%mdl 8192]} (31... Rd8 $11 32. Rxc3 Rd2) 32. Bxf8 {Accuracy: White = 48%, Black = 33%.} 1-0

[Event "European Blitz-ch 2018"]
[Site "Skopje"]
[Date "2018.12.07"]
[Round "12"]
[White "Anton Guijarro, David"]
[Black "Saraci, Nderim"]
[Result "0-1"]
[WhiteElo "2642"]
[BlackElo "2382"]
[Annotator "TA"]
[PlyCount "86"]
[EventDate "2018.12.06"]
[EventType "swiss"]
[EventCountry "MKD"]

{[%evp 16,86,35,32,25,8,46,28,25,23,23,9,23,0,10,-4,0,-13,7,0,26,34,13,12,52,52,69,47,52,36,65,-48,0,-19,-12,-12,-17,-16,-14,-21,-30,-4,3,0,0,-21,0,-22,-11,-30,0,-47,-14,-445,-375,-368,-374,-615,-606,-1896,-1841,-5298,-1352,-1429,-902,-893,-883,-1139,-789,-889,-879,-858,-847]} 1. Nf3 d5 2. b3 g6 3. Bb2 Nf6 4. c4 c6 5. g3 Bg7 6. Bg2 O-O 7. O-O b6 8. d4 Nbd7 9. Nc3 {LiveBook: 7 Games. D78: Fianchetto Grünfeld: 6 0-0 c6} Ba6 (9... Bb7 10. Nd2 Rc8 11. e4 dxe4 12. Ndxe4 Nxe4 13. Bxe4 Qc7 14. Re1 Rfd8 15. Bg2 Nf8 16. Qe2 Rxd4 {1-0 (59) Gajewski,G (2615)-Stefansson,H (2574) Reykjavik 2017}) 10. Nd2 e6 11. Re1 {White is slightly better.} c5 $146 ({Predecessor:} 11... Rb8 12. e4 Bb7 13. h3 dxe4 14. Ndxe4 Nxe4 15. Nxe4 Nf6 16. Rb1 Nxe4 17. Bxe4 {½-½ (28) Kantor,R (1807)-Vasileva,A Mureck 2007}) 12. e3 {[%cal Rc4d5]} Bb7 13. a4 a6 14. Qe2 Re8 15. Rac1 Rc8 16. Qf1 h6 17. Red1 Qc7 18. cxd5 exd5 19. a5 bxa5 20. Na4 Bc6 21. Nxc5 Nxc5 22. Rxc5 Bf8 23. Rcc1 (23. Qxa6 $14 Bxc5 24. dxc5) 23... Qb7 24. Bc3 a4 25. bxa4 $1 Bxa4 26. Rb1 $1 {[%cal Rb1b7]} Qa8 27. Rdc1 Ba3 28. Bb2 Bf8 29. Nf3 Bb5 30. Qd1 Rxc1 31. Rxc1 Rc8 32. Ra1 Qc6 33. Bf1 Qc2 $36 {[%mdl 2048] White is under pressure.} (33... Ne4 $5 {[%cal Rc6c2]} 34. Rc1 Qe6 $11) 34. Qb1 $2 {[%mdl 8192] [#]} (34. Qxc2 $11 {and White stays safe.} Rxc2 35. Ba3) 34... Ne4 35. Qxc2 Rxc2 36. Bc1 $2 (36. Bxb5 axb5 37. Bc1) 36... Bxf1 $19 {Black is clearly winning.} 37. Ne1 Rxf2 {[#] ( -> ...Bh3)} 38. Ba3 Bb5 39. Bxf8 Kxf8 40. Ng2 Rd2 41. Nf4 Nc3 42. h4 Ne2+ 43. Nxe2 Rxe2 {Accuracy: White = 18%, Black = 41%.} 0-1

[Event "European Blitz-ch 2018"]
[Site "Skopje"]
[Date "2018.12.07"]
[Round "12"]
[White "Ivanisevic, Ivan"]
[Black "Arsovic, Zoran"]
[Result "0-1"]
[WhiteElo "2603"]
[BlackElo "2422"]
[Annotator "TA"]
[PlyCount "70"]
[EventDate "2018.12.06"]
[EventType "swiss"]
[EventCountry "MKD"]

{[%evp 13,70,34,45,19,41,0,0,0,0,0,0,0,20,-23,104,-43,-39,-42,-57,-61,82,59,171,160,166,158,155,158,175,169,258,256,256,256,678,655,641,302,300,309,307,309,310,308,316,302,307,304,364,248,251,94,82,89,516,8,4810,-29996,-29997]} 1. d4 Nf6 2. c4 g6 3. Nc3 Bg7 4. e4 d6 5. Nge2 O-O 6. Ng3 a6 7. Be2 {E70: King's Indian: Miscellaneous lines with 4 e4, including 5 Nge2 and 5 Bd3 0-0 6 Nge2} Nbd7 {LiveBook: 7 Games} 8. f4 $146 ({Predecessor:} 8. O-O c5 9. d5 b5 10. cxb5 Ne8 11. Bg5 axb5 12. Bxb5 Nc7 13. Be2 Ba6 14. Qd2 Nb6 {½-½ (91) Nikolaidis,I (2563)-Skoberne,J (2544) Reykjavik 2015}) 8... c5 9. e5 {White is slightly better.} Ne8 10. dxc5 Nxc5 11. Be3 {And now Bxc5 would win.} Be6 12. O-O Rc8 13. f5 Bd7 (13... gxf5 $11 {keeps the balance.} 14. Nxf5 Bxe5) 14. f6 ({White should try} 14. e6 $16 fxe6 15. fxg6) 14... exf6 $15 15. exd6 f5 16. Rc1 {[%cal Ba1c1,Bc1c3,Bc3b3][%mdl 32]} Be6 (16... Be5 $15 {keeps the upper hand.}) 17. b4 $36 {[%mdl 2048] White has good play.} Bxc3 (17... Nd7 $1 $14) 18. Rxc3 $18 Ne4 19. Nxe4 fxe4 20. Bf4 $1 Qb6+ {[#]} 21. Kh1 $1 Qxb4 (21... Rd8 $142) 22. Rb3 Qa4 {[#]} 23. Bh6 $1 ({Don't play} 23. Rxb7 $6 Qxd1 24. Rxd1 Nf6 $16) 23... Ng7 $2 (23... Qc6 24. Bxf8 Kxf8) 24. Qd4 {[%csl Gh6][%cal Rd4g7]} f6 25. Rxf6 (25. Rxb7 $142 Nf5 26. Rxf5 gxf5 27. Rg7+ Kh8 28. Qa7 Bd7 29. Rxd7 Qxd7 30. Qxd7) 25... Qd7 26. Rxf8+ Rxf8 27. Qxg7+ (27. Qxe4 Qxd6 28. h3 Re8 $14) 27... Qxg7 28. Bxg7 Kxg7 29. Rxb7+ {[%mdl 4096] Endgame KRB-KRB} Kf6 30. c5 (30. Rxh7 Ke5 $16) 30... Ke5 {Black wants to play ...Rf2.} 31. h3 ({Stronger than} 31. Rxh7 Rf2 $17) ({Weaker is} 31. Bxa6 Ra8 $16) 31... Rf2 32. Bg4 $2 (32. Bxa6 $18 {is the precise move to win. aiming for Re7.} Rxa2 33. Bb5) 32... Bxg4 $16 33. hxg4 Rd2 $2 {[%mdl 8192]} (33... Rf8 $16) 34. Re7+ $2 (34. Kh2 $18) 34... Kf4 $2 {[%mdl 8192]} (34... Kd5 $11) 35. d7 $4 {[%mdl 8192]} (35. Kh2 $18 h5 36. d7) 35... Kg3 {Accuracy: White = 37%, Black = 28%.} 0-1

[Event "European Blitz-ch 2018"]
[Site "Skopje"]
[Date "2018.12.07"]
[Round "12"]
[White "Banikas, Hristos"]
[Black "Stojanovski, Dejan"]
[Result "1-0"]
[WhiteElo "2601"]
[BlackElo "2430"]
[PlyCount "66"]
[EventDate "2018.12.06"]
[EventType "swiss"]
[EventCountry "MKD"]
[TimeControl "180+2"]

1. d4 {[%emt 0:00:00]} Nf6 {[%emt 0:00:00]} 2. c4 {[%emt 0:00:00]} c5 {[%emt 0:00:00]} 3. d5 {[%emt 0:00:01]} b5 {[%emt 0:00:00]} 4. Nf3 {[%emt 0:00:01]} g6 {[%emt 0:00:00]} 5. cxb5 {[%emt 0:03:08]} a6 6. e3 {[%emt 0:00:00]} Bg7 {[%emt 0:00:05]} 7. Nc3 {[%emt 0:00:00]} O-O {[%emt 0:00:03]} 8. a4 {[%emt 0:00:00]} e6 {[%emt 0:00:03]} 9. dxe6 {[%emt 0:00:00]} fxe6 {[%emt 0:00:01]} 10. Be2 {[%emt 0:00:00]} d5 {[%emt 0:00:01]} 11. O-O {[%emt 0:00:00]} Bb7 {[%emt 0:00:05]} 12. Ra3 {[%emt 0:00:00]} Nbd7 {[%emt 0:00:01]} 13. bxa6 {[%emt 0:00:00]} Bxa6 {[%emt 0:00:01]} 14. Bxa6 {[%emt 0:00:00]} Rxa6 {[%emt 0:00:00]} 15. e4 {[%emt 0:00:00]} d4 {[%emt 0:00:02]} 16. Qe2 {[%emt 0:00:00]} Qa8 {[%emt 0:00:07]} 17. Nb5 {[%emt 0:00:00]} Qxe4 {[%emt 0:00:12]} 18. Qxe4 {[%emt 0:00:00]} Nxe4 {[%emt 0:00:01]} 19. Re1 {[%emt 0:00:00]} Ndf6 {[%emt 0:00:01]} 20. Ne5 {[%emt 0:00:00]} Nxf2 {[%emt 0:00:26]} 21. Nc7 {[%emt 0:00:00]} Rb6 {[%emt 0:00:11]} 22. Nc4 {[%emt 0:00:34]} Rb4 23. Nxe6 {[%emt 0:00:00]} Rf7 {[%emt 0:00:24]} 24. Nd6 {[%emt 0:00:00]} Rd7 {[%emt 0:00:05]} 25. Bf4 {[%emt 0:00:00]} g5 {[%emt 0:00:35]} 26. Nxg7 {[%emt 0:00:00]} Kxg7 {[%emt 0:00:09]} 27. Be5 {[%emt 0:00:00]} N2g4 {[%emt 0:00:01]} 28. Ne8+ {[%emt 0:00:00]} Kf7 {[%emt 0:00:01]} 29. Nxf6 {[%emt 0:00:00]} Nxf6 {[%emt 0:00:01]} 30. Rf3 {[%emt 0:00:00]} Rb6 {[%emt 0:00:15]} 31. Ref1 {[%emt 0:00:00]} d3 {[%emt 0:00:01]} 32. Rxf6+ {[%emt 0:00:00]} Rxf6 {[%emt 0:00:01]} 33. Bxf6 {[%emt 0:00:00]} Ke8 {[%emt 0:01:13]} 1-0

[Event "European Blitz-ch 2018"]
[Site "Skopje"]
[Date "2018.12.07"]
[Round "12"]
[White "Bosiocic, Marin"]
[Black "Papasimakopoulos, Alexandros"]
[Result "1-0"]
[WhiteElo "2599"]
[BlackElo "2191"]
[Annotator "TA"]
[PlyCount "85"]
[EventDate "2018.12.06"]
[EventType "swiss"]
[EventCountry "MKD"]

{[%evp 20,85,36,30,42,49,57,17,43,0,0,0,23,23,26,16,27,36,50,50,50,50,108,0,0,0,33,9,20,24,72,29,47,4,75,0,0,0,0,0,0,-22,25,50,424,444,1241,341,589,0,734,-616,262,287,247,158,981,1006,1203,1187,2686,2692,2244,2116,29988,29988,29997,29998]} 1. d4 Nf6 2. c4 e6 3. Nf3 Bb4+ 4. Nbd2 b6 5. a3 Bxd2+ 6. Bxd2 Bb7 7. Bg5 h6 8. Bh4 d6 9. e3 Nbd7 10. Bd3 O-O 11. O-O {LiveBook: 22 Games} e5 {[#] Threatens to win with ...e4. E11: Bogo-Indian} (11... Qe7 12. Nd2 c5 13. b4 Rac8 14. Rb1 Rfd8 15. Qe2 Ba8 16. f4 cxd4 17. exd4 Re8 18. Rbe1 Qd8 19. Qf2 Qc7 {1-0 (66) Moradiabadi,E (2549)-Bitoon,R (2450) Las Vegas 2018}) 12. Nd2 Qe7 13. d5 a5 $146 {The position is equal.} ({Predecessor:} 13... g5 14. Bg3 e4 15. Bc2 c6 16. dxc6 Bxc6 17. Nb3 Ne5 18. Nd4 Bd7 19. b3 Ng6 {1-0 (33) Ivanenko,O (2130)-Shvayger,Y Vinnitsa 2007}) 14. b4 axb4 (14... g5 $5 15. Bg3 $8 e4 $11) 15. axb4 Rxa1 16. Qxa1 g5 {aiming for ...Ra8.} 17. Bg3 Ra8 18. Qb1 b5 19. e4 bxc4 20. Nxc4 Ba6 (20... Nh5 $14) 21. Na5 ({White should play} 21. Ne3 $16) 21... Bxd3 $11 22. Qxd3 Nh5 {[%cal Bf6h5,Bh5f4,Bf4h3][%mdl 32]} (22... Nc5 $5 23. bxc5 Rxa5 $14) 23. Rc1 Ndf6 24. f3 Nf4 25. Qf1 Qd7 26. Be1 (26. Bxf4 $5 gxf4 27. Nc6 $14) 26... h5 (26... Ne8 $11) 27. g3 (27. Bd2 $16) 27... Nh3+ 28. Kg2 g4 29. Bd2 Kg7 30. Qd3 Ra7 31. Rf1 {Qe3 is the strong threat.} Qa4 $2 {[%mdl 8192]} ({Better is} 31... Ra8 $14) 32. Qe3 $18 Qc2 (32... c5 $142 33. Nc6 Rb7 34. bxc5 Nh7 35. Qh6+ Kh8 36. cxd6 Qb5) 33. Rc1 $2 (33. Qh6+ Kg8 34. Nc6 Nxd5 35. exd5 (35. Nxa7 Qd3 $11)) 33... Qa2 $2 (33... gxf3+ {was worth a try.} 34. Kxf3 (34. Kxh3 Qxe4 35. Qxe4 Nxe4 $16) 34... Ng1+ 35. Rxg1 Nxe4) 34. Nb3 $2 (34. Qh6+ $18 Kg8 35. Nc6 (35. Nc4 Nh7 $16) 35... Nf4+ 36. Kh1) 34... Ra3 $2 {[%mdl 8192]} (34... Nh7 $11) 35. Rxc7 $4 {[%mdl 8192] [#]} (35. Qh6+ $18 Kg8 36. Rxc7) 35... Ng8 $4 {[%mdl 8192]} ({Inferior is} 35... Rxb3 36. Qh6+ Kg8 37. Rc8+ Ne8 38. Rxe8#) (35... Nf4+ $1 $19 {[%mdl 512] and life is good for Black.} 36. gxf4 Rxb3) 36. Rc3 Qb1 {intending ...f6.} 37. b5 $36 {[%cal Bb4b5,Bb5b6,Bb6b7][%mdl 2080] Black must now prevent fxg4. White has strong initiative.} h4 $2 (37... f5 $16) 38. fxg4 hxg3 39. Kxh3 {White wants to mate with Qg5+.} gxh2 40. Kxh2 {Intending Qg5+ and mate.} Qf1 41. b6 Ne7 42. b7 Ra2 43. Qh6+ {[%mdl 64] Double Attack. Accuracy: White = 32%, Black = 19%.} 1-0